000 00856nam a2200217Ii 4500
003 JO-AjNU
005 20231211120541.0
008 230605s9999||||xx |||||||||||||| ||und||
040 _aJO-AjNU
_bara
_erda
_cJO-AjNU
041 _aara
100 _aهيكل، عبدالعزيز فهمي
_964948
_eمؤلف
245 _aالكمبيوتر واصول المحاسبة : البرمجة بلغتي باسيك BASIC وكوبول COBOL /
_cتأليف عبد العزيز فهمي هيكل
260 _aبيروت :
_bدار الراتب الجامعية،
_c1986
300 _a237 صفحه
336 _atext
_btxt
_2rdacontent
337 _aunmediated
_bn
_2rdamedia
338 _avolume
_bnc
_2rdacarrier
500 _aيحتوي هذا الكتاب على شبكات وجداول
650 _vالكمبيوتر-لغات البرمجة
942 _2lcc
_cBK
999 _c33089
_d33089